书目信息 |
| 题名: |
论理原子结构
|
|
| 作者: | 朱颀人 著 | |
| 分册: | ||
| 出版信息: | 北京 科学出版社 2017.4 |
|
| 页数: | 215页 | |
| 开本: | 24cm | |
| 丛书名: | 现代物理基础丛书 | |
| 单 册: | ||
| 中图分类: | O562.1 | |
| 科图分类: | ||
| 主题词: | 原子结构--研究 | |
| 电子资源: | ||
| ISBN: | 978-7-03-052558-1 | |
| 000 | 00952oam2 2200265 450 | |
| 001 | 0400001480 | |
| 005 | 20171018142510.0 | |
| 010 | @a978-7-03-052558-1@dCNY88.00 | |
| 100 | @a20170802d2017 em y0chiy50 ea | |
| 101 | 0 | @achi |
| 102 | @aCN@b110000 | |
| 105 | @ay a 000yy | |
| 106 | @ar | |
| 200 | 1 | @a论理原子结构@9lun li yuan zi jie gou@dArguments of atomic structures@f朱颀人著@zeng |
| 210 | @a北京@c科学出版社@d2017.4 | |
| 215 | @a215页@d24cm | |
| 225 | 2 | @a现代物理基础丛书@v81 |
| 330 | @a本书以原子体系内主要相互作用以及它们在不同 物理条件下的演变规律为基本线索, 以量子力学为基本手段, 阐释了原子能级结构的基本物理内容。书中还详 尽介绍了拉卡代数并以实例演示了运用它的具体 操作步骤。 | |
| 461 | 0 | @12001 @a现代物理基础丛书 |
| 510 | 1 | @aArguments of atomic structures@zeng |
| 606 | 0 | @a原子结构@x研究 |
| 690 | @aO562.1@v5 | |
| 701 | 0 | @a朱颀人@9zhu qi ren@4著 |
| 801 | 0 | @aCN@b91MARC@c20171018 |
| 905 | @b1021014-8@dO562.1@f5@e64 | |
| 论理原子结构=Arguments of atomic structures/朱颀人著.-北京:科学出版社,2017.4 |
| 215页;24cm.-(现代物理基础丛书;81) |
| ISBN 978-7-03-052558-1:CNY88.00 |
| 本书以原子体系内主要相互作用以及它们在不同 物理条件下的演变规律为基本线索, 以量子力学为基本手段, 阐释了原子能级结构的基本物理内容。书中还详 尽介绍了拉卡代数并以实例演示了运用它的具体 操作步骤。 |
| ● |
| 相关链接 |
|
|
|
|
正题名:论理原子结构
索取号:O562.1/64
 
预约/预借
| 序号 | 登录号 | 条形码 | 馆藏地/架位号 | 状态 | 备注 |
| 1 | 1021014 | 210210145 | 第二样本阅览室/ [索取号:O562.1/64] | 在馆 | |
| 2 | 1021015 | 210210154 | 密集书库-物理学院/ [索取号:O562.1/64] | 在馆 | |
| 3 | 1021016 | 210210163 | 第三借阅区/ [索取号:O562.1/64] | 在馆 | |
| 4 | 1021017 | 210210172 | 第三借阅区/ [索取号:O562.1/64] | 在馆 | |
| 5 | 1021018 | 210210181 | 第三借阅区/ [索取号:O562.1/64] | 在馆 |